[Event "SVK Extraliga 2019-20"]
[Site "Slovakia"]
[Date "2020.01.19"]
[Round "6.2"]
[White "Rojicek, Vojtech"]
[Black "Vetoshko, Volodymyr"]
[Result "0-1"]
[WhiteElo "2383"]
[BlackElo "2502"]
[Annotator "ChessBase"]
[PlyCount "50"]
[EventDate "2019.10.19"]
[EventType "team-tourn"]
[EventCountry "SVK"]
[SourceTitle "playchess.com"]
[Source "ChessBase"]
[SourceQuality "1"]
[WhiteTeam "Liptovska"]
[BlackTeam "Košice"]
[TimeControl "40/5400+30:1800+30"]

1. d4 {[%emt 0:00:55]} d5 {[%emt 0:00:00]} 2. c4 {[%emt 0:02:03]} e6 {[%emt 0:00:00]} 3. Nf3 {[%emt 0:03:18]} a6 {[%emt 0:00:10]} 4. g3 {[%emt 0:01:52]} dxc4 {[%emt 0:00:42]} 5. Bg2 {[%emt 0:00:29]} b5 {[%emt 0:00:14]} 6. O-O {[%emt 0:06:22]} Bb7 {[%emt 0:01:27]} 7. a4 {[%emt 0:00:52]} Nd7 {[%emt 0:04:58]} 8. b3 {[%emt 0:04:17]} cxb3 {[%emt 0:01:47]} 9. Qxb3 {[%emt 0:00:14]} b4 {[%emt 0:05:42]} 10. a5 {[%emt 0:02:09]} Ngf6 {[%emt 0:03:27]} 11. Qa4 {[%emt 0:08:43]} Rb8 {[%emt 0:07:04]} 12. Bg5 {[%emt 0:06:19]} Be7 {[%emt 0:05:33]} 13. Bxf6 {[%emt 0:07:10]} Bxf6 {[%emt 0:03:53]} 14. Nbd2 {[%emt 0:06:13]} O-O {[%emt 0:03:43]} 15. Rfd1 {[%emt 0:02:46]} c5 {[%emt 0:07:35]} 16. Rac1 {[%emt 0:00:24]} cxd4 {[%emt 0:04:49]} 17. Nb3 {[%emt 0:00:09]} e5 {[%emt 0:03:20]} 18. Bh3 {[%emt 0:00:13]} Bd5 {[%emt 0:03:25]} 19. Rc6 {[%emt 0:03:03]} Qe7 {[%emt 0:18:16]} 20. Rc7 {[%emt 0:05:36]} Nc5 {[%emt 0:12:24]} 21. Nxc5 {[%emt 0:00:50]} Qxc7 {[%emt 0:00:05]} 22. Nxa6 {[%emt 0:00:08]} Qc3 {[%emt 0:01:14]} 23. Nxb8 {[%emt 0:04:08]} Bb3 {[%emt 0:00:34]} 24. Qb5 {[%emt 0:01:58]} Bxd1 {[%emt 0:00:14]} 25. a6 {[%emt 0:00:10]} e4 {[%emt 0:03:18]} 0-1

[Event "SVK Extraliga 2019-20"]
[Site "Slovakia"]
[Date "2020.01.19"]
[Round "6.2"]
[White "Macko, Miroslav"]
[Black "Gazik, Viktor"]
[Result "0-1"]
[WhiteElo "2264"]
[BlackElo "2501"]
[Annotator "ChessBase"]
[PlyCount "82"]
[EventDate "2019.10.19"]
[EventType "team-tourn"]
[EventCountry "SVK"]
[SourceTitle "playchess.com"]
[Source "ChessBase"]
[SourceQuality "1"]
[WhiteTeam "Bratislava"]
[BlackTeam "Podhajska"]
[TimeControl "40/5400+30:1800+30"]

1. Nf3 {[%emt 0:00:00]} Nf6 {[%emt 0:00:39]} 2. c4 {[%emt 0:01:24]} Nc6 {[%emt 0:03:18]} 3. d4 {[%emt 0:01:52]} d6 {[%emt 0:00:45]} 4. g3 {[%emt 0:05:17]} g6 {[%emt 0:06:03]} 5. Bg2 {[%emt 0:02:32]} Bg7 {[%emt 0:00:04]} 6. O-O {[%emt 0:04:26]} O-O {[%emt 0:00:05]} 7. Nc3 {[%emt 0:00:21]} a6 {[%emt 0:01:00]} 8. b3 {[%emt 0:04:15]} Rb8 {[%emt 0:06:19]} 9. a4 {[%emt 0:04:43]} Bf5 {[%emt 0:02:18]} 10. Ba3 {[%emt 0:07:20]} a5 {[%emt 0:01:34]} 11. d5 {[%emt 0:11:52]} Nb4 {[%emt 0:13:40]} 12. Nd4 {[%emt 0:02:31]} Qd7 {[%emt 0:06:51]} 13. Re1 {[%emt 0:07:46]} Bh3 {[%emt 0:13:18]} 14. Rc1 {[%emt 0:04:47]} Bxg2 {[%emt 0:09:24]} 15. Kxg2 {[%emt 0:00:02]} c6 {[%emt 0:00:08]} 16. e4 {[%emt 0:02:22]} Qc7 {[%emt 0:00:24]} 17. f4 {[%emt 0:05:27]} Nd7 {[%emt 0:00:44]} 18. Nf3 {[%emt 0:01:33]} Nc5 {[%emt 0:03:35]} 19. Bxb4 {[%emt 0:06:56]} axb4 {[%emt 0:00:04]} 20. Na2 {[%emt 0:00:13]} Qa5 {[%emt 0:02:14]} 21. dxc6 {[%emt 0:01:13]} bxc6 {[%emt 0:00:10]} 22. Qc2 {[%emt 0:00:10]} Nxa4 {[%emt 0:00:40]} 23. e5 {[%emt 0:03:28]} Nc5 {[%emt 0:00:55]} 24. Rcd1 {[%emt 0:01:24]} Rfd8 {[%emt 0:01:04]} 25. Nc1 {[%emt 0:02:35]} dxe5 {[%emt 0:05:58]} 26. fxe5 {[%emt 0:01:46]} Ra8 {[%emt 0:08:15]} 27. Nd4 {[%emt 0:04:42]} Qc7 {[%emt 0:00:17]} 28. Nf3 {[%emt 0:03:37]} Rxd1 {[%emt 0:07:06]} 29. Qxd1 {[%emt 0:00:06]} Rd8 {[%emt 0:00:15]} 30. Qc2 {[%emt 0:00:26]} Qd7 {[%emt 0:01:05]} 31. Qf2 {[%emt 0:01:46]} Ne6 {[%emt 0:01:02]} 32. Ne2 {[%emt 0:04:02]} Bh6 {[%emt 0:00:08]} 33. Qb6 {[%emt 0:04:03]} c5 {[%emt 0:00:05]} 34. Nc1 {[%emt 0:01:01]} Bxc1 {[%emt 0:00:41]} 35. Rxc1 {[%emt 0:00:01]} Qd3 {[%emt 0:00:09]} 36. Rf1 {[%emt 0:01:02]} Qxb3 {[%emt 0:00:14]} 37. Qa6 {[%emt 0:00:16]} Qc2+ {[%emt 0:00:40]} 38. Rf2 {[%emt 0:00:06]} Qe4 {[%emt 0:00:03]} 39. Qa2 {[%emt 0:01:19]} Rd3 {[%emt 0:00:18]} 40. Qe2 {[%emt 0:00:34]} Qxe2 {[%emt 0:00:06]} 41. Rxe2 {[%emt 0:30:04]} Rxf3 {[%emt 0:30:05]} 0-1

[Event "SVK Extraliga 2019-20"]
[Site "Slovakia"]
[Date "2020.01.19"]
[Round "6.3"]
[White "Kriebel, Tadeas"]
[Black "Leniart, Arkadiusz"]
[Result "1/2-1/2"]
[WhiteElo "2517"]
[BlackElo "2505"]
[Annotator "ChessBase"]
[PlyCount "95"]
[EventDate "2019.10.19"]
[EventType "team-tourn"]
[EventCountry "SVK"]
[SourceTitle "playchess.com"]
[Source "ChessBase"]
[SourceQuality "1"]
[WhiteTeam "Snina"]
[BlackTeam "Prakovce"]
[TimeControl "40/5400+30:1800+30"]

1. d4 {[%emt 0:00:00]} Nf6 {[%emt 0:04:31]} 2. c4 {[%emt 0:00:00]} e6 {[%emt 0:00:05]} 3. g3 {[%emt 0:00:00]} d5 {[%emt 0:00:08]} 4. Bg2 {[%emt 0:00:00]} dxc4 {[%emt 0:00:27]} 5. Nf3 {[%emt 0:00:15]} Nc6 {[%emt 0:00:19]} 6. Qa4 {[%emt 0:00:37]} Bb4+ {[%emt 0:03:09]} 7. Bd2 {[%emt 0:07:17]} Nd5 {[%emt 0:04:26]} 8. Bxb4 {[%emt 0:00:25]} Ndxb4 {[%emt 0:00:07]} 9. O-O {[%emt 0:00:11]} Rb8 {[%emt 0:05:56]} 10. Nc3 {[%emt 0:00:13]} Bd7 {[%emt 0:16:49]} 11. a3 {[%emt 0:07:12]} b5 {[%emt 0:04:56]} 12. Nxb5 {[%emt 0:00:21]} a6 {[%emt 0:12:55]} 13. axb4 {[%emt 0:11:56]} axb5 {[%emt 0:05:39]} 14. Qa3 {[%emt 0:00:05]} Qe7 {[%emt 0:02:45]} 15. b3 {[%emt 0:00:09]} cxb3 {[%emt 0:05:08]} 16. Qxb3 {[%emt 0:00:20]} Qxb4 {[%emt 0:00:59]} 17. Qxb4 {[%emt 0:00:17]} Nxb4 {[%emt 0:00:05]} 18. Rfc1 {[%emt 0:05:56]} Nc6 {[%emt 0:08:41]} 19. e3 {[%emt 0:01:24]} Ke7 {[%emt 0:02:20]} 20. Nd2 {[%emt 0:00:38]} Rb6 {[%emt 0:00:57]} 21. Nb3 {[%emt 0:02:04]} Rc8 {[%emt 0:00:37]} 22. Kf1 {[%emt 0:03:20]} Nd8 {[%emt 0:04:49]} 23. Ke2 {[%emt 0:02:01]} Bc6 {[%emt 0:02:09]} 24. e4 {[%emt 0:01:11]} b4 {[%emt 0:03:17]} 25. Ke3 {[%emt 0:01:33]} Nb7 {[%emt 0:01:32]} 26. Ra7 {[%emt 0:04:21]} Nd6 {[%emt 0:00:58]} 27. d5 {[%emt 0:06:25]} exd5 {[%emt 0:03:16]} 28. exd5 {[%emt 0:00:29]} Nb5 {[%emt 0:01:30]} 29. Ra5 {[%emt 0:03:18]} Bd7 {[%emt 0:00:07]} 30. Nc5 {[%emt 0:01:59]} Re8 {[%emt 0:00:39]} 31. Kd2 {[%emt 0:01:17]} Nc3 {[%emt 0:02:48]} 32. Nd3 {[%emt 0:03:59]} Kd6 {[%emt 0:00:21]} 33. Nxb4 {[%emt 0:00:50]} Ne4+ {[%emt 0:01:02]} 34. Bxe4 {[%emt 0:00:07]} Rxe4 {[%emt 0:00:22]} 35. Nd3 {[%emt 0:00:40]} Bb5 {[%emt 0:01:27]} 36. Rc5 {[%emt 0:13:33]} Bxd3 {[%emt 0:00:31]} 37. Kxd3 {[%emt 0:00:12]} Reb4 {[%emt 0:00:11]} 38. Rc3 {[%emt 0:01:51]} Rb2 {[%emt 0:01:09]} 39. Ke3 {[%emt 0:00:28]} R2b5 {[%emt 0:00:22]} 40. Rxb5 {[%emt 0:00:18]} Rxb5 {[%emt 0:00:05]} 41. Rc6+ {[%emt 0:30:10]} Kd7 {[%emt 0:31:04]} 42. Ke4 {[%emt 0:04:30]} Rb2 {[%emt 0:00:06]} 43. Ke3 {[%emt 0:00:07]} Rb1 {[%emt 0:00:08]} 44. h4 {[%emt 0:00:56]} Rd1 {[%emt 0:00:16]} 45. Rc5 {[%emt 0:00:40]} Kd6 {[%emt 0:00:34]} 46. Rc6+ {[%emt 0:00:04]} Kd7 {[%emt 0:00:07]} 47. Rc5 {[%emt 0:00:04]} Kd6 {[%emt 0:00:06]} 48. Ke4 {Ke5+} 1/2-1/2

[Event "SVK Extraliga 2019-20"]
[Site "Slovakia"]
[Date "2020.01.19"]
[Round "6.3"]
[White "Horvath, Csaba"]
[Black "Karas, Marek"]
[Result "1-0"]
[WhiteElo "2514"]
[BlackElo "2232"]
[Annotator "ChessBase"]
[PlyCount "89"]
[EventDate "2019.10.19"]
[EventType "team-tourn"]
[EventCountry "SVK"]
[SourceTitle "playchess.com"]
[Source "ChessBase"]
[SourceQuality "1"]
[WhiteTeam "Podhajska"]
[BlackTeam "Bratislava"]
[TimeControl "40/5400+30:1800+30"]

1. Nf3 {[%emt 0:00:00]} Nf6 {[%emt 0:00:00]} 2. c4 {[%emt 0:00:00]} e6 {[%emt 0:00:22]} 3. g3 {[%emt 0:00:14]} d5 {[%emt 0:01:25]} 4. b3 {[%emt 0:00:14]} b6 {[%emt 0:02:29]} 5. Bg2 {[%emt 0:02:40]} Bb7 {[%emt 0:00:17]} 6. cxd5 {[%emt 0:01:10]} exd5 {[%emt 0:01:48]} 7. O-O {[%emt 0:04:31]} Bd6 {[%emt 0:03:28]} 8. Bb2 {[%emt 0:05:18]} O-O {[%emt 0:01:30]} 9. Nc3 {[%emt 0:00:32]} a6 {[%emt 0:06:25]} 10. e3 {[%emt 0:11:14]} Re8 {[%emt 0:03:59]} 11. Qc2 {[%emt 0:00:30]} Nbd7 {[%emt 0:06:12]} 12. Rac1 {[%emt 0:00:56]} Nf8 {[%emt 0:05:46]} 13. Nd4 {[%emt 0:16:38]} g6 {[%emt 0:04:36]} 14. Na4 {[%emt 0:07:55]} c5 {[%emt 0:02:16]} 15. Ne2 {[%emt 0:02:18]} N8d7 {[%emt 0:04:57]} 16. d4 {[%emt 0:02:42]} Rc8 {[%emt 0:03:01]} 17. dxc5 {[%emt 0:02:55]} bxc5 {[%emt 0:00:31]} 18. Rfd1 {[%emt 0:00:09]} Qe7 {[%emt 0:07:01]} 19. Nec3 {[%emt 0:08:07]} Qe6 {[%emt 0:03:47]} 20. Qd2 {[%emt 0:00:32]} Ne5 {[%emt 0:07:27]} 21. Nb6 {[%emt 0:00:41]} d4 {[%emt 0:06:37]} 22. Bxb7 {[%emt 0:01:30]} Rb8 {[%emt 0:02:09]} 23. exd4 {[%emt 0:04:39]} cxd4 {[%emt 0:01:30]} 24. Qxd4 {[%emt 0:06:19]} Bc7 {[%emt 0:04:24]} 25. Qf4 {[%emt 0:08:41]} Bxb6 {[%emt 0:03:07]} 26. Bd5 {[%emt 0:04:11]} Qf5 {[%emt 0:05:36]} 27. Qxf5 {[%emt 0:01:19]} gxf5 {[%emt 0:00:01]} 28. Na4 {[%emt 0:03:55]} f4 {[%emt 0:04:20]} 29. gxf4 {[%emt 0:01:15]} Neg4 {[%emt 0:00:44]} 30. Nxb6 {[%emt 0:00:49]} Rxb6 {[%emt 0:00:02]} 31. Bf3 {[%emt 0:01:22]} h5 {[%emt 0:01:12]} 32. h3 {[%emt 0:00:14]} Nh6 {[%emt 0:00:11]} 33. Rc5 {[%emt 0:01:10]} Kh7 {[%emt 0:00:51]} 34. Kh2 {[%emt 0:00:09]} Ne4 {[%emt 0:00:48]} 35. Re5 {[%emt 0:00:57]} Rxe5 {[%emt 0:00:37]} 36. fxe5 {[%emt 0:00:02]} f5 {[%emt 0:00:49]} 37. Rd7+ {[%emt 0:00:43]} Kg6 {[%emt 0:00:19]} 38. Bd4 {[%emt 0:00:40]} Rc6 {[%emt 0:00:31]} 39. Bxe4 {[%emt 0:01:05]} fxe4 {[%emt 0:00:01]} 40. Rd6+ {[%emt 0:00:12]} Rxd6 {[%emt 0:00:05]} 41. exd6 {[%emt 0:30:05]} Kf7 {[%emt 0:30:09]} 42. Bc5 {[%emt 0:00:17]} Ke6 {[%emt 0:00:15]} 43. Kg3 {[%emt 0:00:08]} Ng8 {[%emt 0:00:26]} 44. Kf4 {[%emt 0:00:16]} Nf6 {[%emt 0:00:04]} 45. b4 {[%emt 0:00:16]} 1-0

[Event "SVK Extraliga 2019-20"]
[Site "Slovakia"]
[Date "2020.01.20"]
[Round "6.3"]
[White "Kociscak, Jiri"]
[Black "Vykouk, Jan"]
[Result "0-1"]
[WhiteElo "2507"]
[BlackElo "2434"]
[Annotator "TA"]
[PlyCount "62"]
[EventDate "2019.10.19"]
[EventType "team-tourn"]
[EventCountry "SVK"]
[SourceTitle "playchess.com"]
[Source "ChessBase"]
[SourceQuality "1"]
[WhiteTeam "Zilina"]
[BlackTeam "Modra"]
[WhiteTeamCountry "CZE"]
[BlackTeamCountry "CZE"]

{[%evp 19,62,-22,-17,-21,5,0,25,25,27,0,0,0,5,-13,-19,-50,-39,-97,-99,-128,-127,-123,-112,-139,-128,-104,-58,-140,0,-219,-213,-453,-453,-704,-448,-434,-423,-663,-530,-841,-794,-838,-654,-885,-873]} 1. d4 Nf6 2. c4 g6 3. Nf3 Bg7 4. g3 b6 5. Bg2 Bb7 6. O-O O-O 7. b3 c5 8. Bb2 cxd4 9. Nxd4 Bxg2 10. Kxg2 d5 11. Na3 {A30: Symmetrical English: Double Fianchetto and Hedgehog} (11. cxd5 Qxd5+ 12. Nf3 Qb7 13. Na3 Nc6 14. Rc1 Nb4 15. Qd2 a5 16. Be5 Nc6 17. Bxf6 Bxf6 18. Qd5 Rac8 {0-1 (51) Kazakovskiy,V (2422)-Wojtaszek,R (2736) Katowice 2017}) 11... Re8 $146 ({Predecessor:} 11... dxc4 12. Nxc4 Qd5+ 13. Kg1 Na6 14. Qd3 Rfd8 15. Rfd1 Rd7 16. Qf3 Qxf3 17. Nxf3 Rc8 18. Kg2 Nc5 19. Rxd7 Nfxd7 20. Bxg7 Kxg7 {1-0 (40) Koller,H (2173)-Wanderer,T (2229) Austria 2019}) 12. Nf3 Nc6 13. Rc1 {White has an edge.} Nb4 14. Bxf6 Bxf6 15. Qd2 a5 16. Rfd1 {[%cal Rc4d5]} e5 17. cxd5 {And now e4 would win.} e4 18. Ne1 {[#]} (18. Ng1 $15) 18... Re5 $1 $17 {[%cal Re5d5]} 19. e3 Rxd5 20. Qe2 Nd3 $36 {[%mdl 2048] Keeping White busy.} 21. Nxd3 exd3 22. Qd2 b5 23. e4 ({White should play} 23. Nb1 $15) 23... Rh5 (23... Bg5 $17 24. f4 Be7) 24. Rc6 $2 {[#]} ({But not} 24. Qxd3 $2 Qxd3 25. Rxd3 Bb2 $19) (24. Nb1 $1 $11 {and White has nothing to worry.}) 24... Be7 $1 $19 {Strongly threatening ...Qd7.} 25. Qc1 $2 (25. Nxb5 {keeps fighting.} Rxb5 26. Qxd3) 25... Qd4 {Black is clearly winning.} (25... Qd7 $2 26. Rc7 $19) 26. Rc7 (26. Nb1 $142 Qxe4+ 27. Kg1) 26... Qxe4+ ({Less strong is} 26... Bc5 27. Qf4 $17) 27. Kg1 {[#] intending Re1.} d2 $1 {[%mdl 512]} 28. Qb1 (28. Qxd2 $142 Bxa3 29. Qd3) 28... Qe5 29. Nxb5 Bb4 30. a3 Qe1+ (30... Qxb5 $2 31. axb4 Rd8 32. Qc2 $19) 31. Kg2 Rf5 {Accuracy: White = 17%, Black = 53%.} 0-1

[Event "SVK Extraliga 2019-20"]
[Site "Slovakia"]
[Date "2020.01.19"]
[Round "6.3"]
[White "Nayhebaver, Martin"]
[Black "Haring, Filip"]
[Result "1-0"]
[WhiteElo "2473"]
[BlackElo "2307"]
[Annotator "ChessBase"]
[PlyCount "63"]
[EventDate "2019.10.19"]
[EventType "team-tourn"]
[EventCountry "SVK"]
[SourceTitle "playchess.com"]
[Source "ChessBase"]
[SourceQuality "1"]
[WhiteTeam "Košice"]
[BlackTeam "Liptovska"]
[TimeControl "40/5400+30:1800+30"]

1. d4 {[%emt 0:00:00]} Nf6 {[%emt 0:00:00]} 2. c4 {[%emt 0:00:22]} e6 {[%emt 0:00:07]} 3. Nc3 {[%emt 0:00:30]} Bb4 {[%emt 0:00:45]} 4. e3 {[%emt 0:00:41]} O-O {[%emt 0:00:39]} 5. Bd3 {[%emt 0:00:22]} d5 {[%emt 0:00:41]} 6. Nf3 {[%emt 0:00:47]} c5 {[%emt 0:00:54]} 7. O-O {[%emt 0:00:37]} cxd4 {[%emt 0:04:24]} 8. exd4 {[%emt 0:00:21]} dxc4 {[%emt 0:00:54]} 9. Bxc4 {[%emt 0:00:07]} b6 {[%emt 0:00:57]} 10. Bg5 {[%emt 0:01:01]} Bb7 {[%emt 0:03:43]} 11. Qe2 {[%emt 0:00:30]} Be7 {[%emt 0:07:00]} 12. Rad1 {[%emt 0:06:36]} Nbd7 {[%emt 0:15:10]} 13. Rfe1 {[%emt 0:17:22]} Bb4 {[%emt 0:03:19]} 14. Ne5 {[%emt 0:12:02]} Qc8 {[%emt 0:06:40]} 15. Nxd7 {[%emt 0:17:02]} Nxd7 {[%emt 0:01:59]} 16. Bb3 {[%emt 0:01:39]} Re8 {[%emt 0:11:14]} 17. Qg4 {[%emt 0:01:42]} Nf8 {[%emt 0:04:32]} 18. Re3 {[%emt 0:03:23]} Bxc3 {[%emt 0:08:15]} 19. Rxc3 {[%emt 0:02:17]} Qd7 {[%emt 0:00:13]} 20. d5 {[%emt 0:02:08]} exd5 {[%emt 0:13:40]} 21. Qxd7 {[%emt 0:01:00]} Nxd7 {[%emt 0:00:07]} 22. Ba4 {[%emt 0:00:38]} Nc5 {[%emt 0:04:30]} 23. Bxe8 {[%emt 0:00:37]} Rxe8 {[%emt 0:00:07]} 24. Be3 {[%emt 0:02:27]} Ne6 {[%emt 0:00:15]} 25. f3 {[%emt 0:01:30]} Kf8 {[%emt 0:01:44]} 26. Bd4 {[%emt 0:03:12]} Rd8 {[%emt 0:05:42]} 27. f4 {[%emt 0:02:44]} Nxf4 {[%emt 0:03:34]} 28. Rc7 {[%emt 0:00:35]} Bc8 {[%emt 0:01:17]} 29. Rxa7 {[%emt 0:00:28]} Bg4 {[%emt 0:00:28]} 30. Bxb6 {[%emt 0:01:18]} Rb8 {[%emt 0:00:43]} 31. Bc5+ {[%emt 0:00:19]} Kg8 {[%emt 0:00:13]} 32. Rd2 {[%emt 0:00:24]} 1-0

[Event "SVK Extraliga 2019-20"]
[Site "Slovakia"]
[Date "2020.01.19"]
[Round "6.3"]
[White "Rigo, Zsolt"]
[Black "Ftacnik, Lubomir"]
[Result "0-1"]
[WhiteElo "2401"]
[BlackElo "2516"]
[Annotator "ChessBase"]
[PlyCount "60"]
[EventDate "2019.10.19"]
[EventType "team-tourn"]
[EventCountry "SVK"]
[SourceTitle "playchess.com"]
[Source "ChessBase"]
[SourceQuality "1"]
[WhiteTeam "Streda"]
[BlackTeam "Slovan"]
[TimeControl "40/5400+30:1800+30"]

1. e4 {[%emt 0:00:00]} c5 {[%emt 0:00:00]} 2. Nf3 {[%emt 0:00:00]} d6 {[%emt 0:00:00]} 3. d4 {[%emt 0:00:00]} cxd4 {[%emt 0:00:00]} 4. Nxd4 {[%emt 0:01:28]} Nf6 {[%emt 0:00:05]} 5. Nc3 {[%emt 0:00:07]} a6 {[%emt 0:00:10]} 6. a4 {[%emt 0:00:54]} g6 {[%emt 0:03:23]} 7. Be2 {[%emt 0:02:44]} Bg7 {[%emt 0:00:23]} 8. O-O {[%emt 0:00:27]} O-O {[%emt 0:00:10]} 9. Re1 {[%emt 0:04:36]} Nc6 {[%emt 0:03:33]} 10. Nb3 {[%emt 0:00:09]} Be6 {[%emt 0:02:30]} 11. Bf1 {[%emt 0:05:59]} Rc8 {[%emt 0:04:05]} 12. Nd5 {[%emt 0:11:56]} Bxd5 {[%emt 0:10:09]} 13. exd5 {[%emt 0:00:30]} Nb4 {[%emt 0:00:10]} 14. c4 {[%emt 0:00:12]} b5 {[%emt 0:12:54]} 15. Qd2 {[%emt 0:04:55]} bxc4 {[%emt 0:02:41]} 16. Qxb4 {[%emt 0:00:07]} cxb3 {[%emt 0:00:20]} 17. Qxb3 {[%emt 0:00:05]} Nd7 {[%emt 0:14:49]} 18. a5 {[%emt 0:20:10]} Rb8 {[%emt 0:11:44]} 19. Qa3 {[%emt 0:00:47]} Nc5 {[%emt 0:01:20]} 20. Bc4 {[%emt 0:00:04]} Qd7 {[%emt 0:02:55]} 21. h3 {[%emt 0:06:33]} Qf5 {[%emt 0:03:12]} 22. Ra2 {[%emt 0:01:09]} Rfc8 {[%emt 0:09:39]} 23. Be3 {[%emt 0:14:03]} Qe4 {[%emt 0:02:15]} 24. b3 {[%emt 0:01:42]} Nd3 {[%emt 0:03:23]} 25. Rd1 {[%emt 0:03:16]} Nb2 {[%emt 0:02:54]} 26. Rxb2 {[%emt 0:08:03]} Bxb2 {[%emt 0:00:08]} 27. Qa2 {[%emt 0:00:07]} Rxc4 {[%emt 0:04:35]} 28. bxc4 {[%emt 0:00:02]} Be5 {[%emt 0:00:07]} 29. Qa4 {[%emt 0:06:54]} Rb1 {[%emt 0:01:14]} 30. Bh6 {[%emt 0:03:31]} Qe1+ {[%emt 0:00:07]} 0-1

[Event "SVK Extraliga 2019-20"]
[Site "Slovakia"]
[Date "2020.01.19"]
[Round "6.3"]
[White "Pniaczek, Marek"]
[Black "Motuz, Karol"]
[Result "0-1"]
[WhiteElo "2145"]
[BlackElo "2368"]
[Annotator "TA"]
[PlyCount "114"]
[EventDate "2019.10.19"]
[EventType "team-tourn"]
[EventCountry "SVK"]
[SourceTitle "playchess.com"]
[Source "ChessBase"]
[SourceQuality "1"]
[WhiteTeam "Dunajov"]
[BlackTeam "Dubnica"]

{[%evp 15,114,13,6,9,34,28,35,22,20,21,22,24,19,20,33,0,8,0,0,0,0,0,0,0,0,0,0,0,25,0,7,14,10,15,35,10,20,24,60,45,98,59,77,18,21,0,0,0,14,0,0,0,0,0,0,0,0,0,0,0,0,0,0,0,0,0,0,0,0,0,18,12,25,0,30,5,5,6,14,0,0,0,0,0,25,0,0,0,25,0,0,0,0,0,0,0,0,-1030,-1027,-29994,-29993]} 1. e4 e6 2. d4 d5 3. Nd2 Be7 4. Ngf3 Nf6 5. e5 Nfd7 6. Bd3 c5 7. c3 Nc6 8. O-O a5 9. a4 {C06: French Tarrasch: 3...Nf6 4 e5 Nfd7 5 Bd3 main lines} (9. Re1 cxd4 10. cxd4 Qb6 11. a4 Nxd4 12. Nxd4 Qxd4 13. Nf3 Qb6 14. Be3 Nc5 15. Bb5+ Bd7 16. Nd4 Bxb5 17. Nxb5 O-O 18. Qg4 Rfc8 {0-1 (33) Naroditsky,D (2631)-So,W (2779) ICC INT 2015}) 9... cxd4 10. cxd4 Nb4 11. Bb5 {White is slightly better.} O-O 12. Nb1 Nb8 13. Nc3 N8c6 14. Be3 Bd7 {[#]} 15. Nd2 $146 ({Predecessor:} 15. Qd2 Na7 16. Be2 Rc8 {1-0 (42) Spasov,V (2540)-Sahovic,D (2435) Becici 1994}) 15... f6 16. f4 fxe5 17. fxe5 Qb6 18. Nf3 Be8 19. Qd2 Bg6 20. Rac1 Rad8 21. Be2 Rc8 22. Nb5 Qd8 23. Ng5 Rxf1+ 24. Rxf1 {aiming for Bg4.} Qd7 25. Bg4 Nd8 $1 26. Nc3 h6 27. Nh3 $1 Nc2 (27... Bf5 $14 28. Bxf5 exf5) 28. Bf2 Bh7 29. Rc1 (29. Nf4 $16) 29... Nb4 $11 30. Be3 Nd3 $36 {[%mdl 2048] Black is pushing.} 31. Rf1 Nc6 32. Nf4 Nxf4 33. Rxf4 Nb4 34. Rf1 Nc2 35. Rc1 Nxe3 36. Qxe3 Rf8 37. Rf1 Rxf1+ 38. Kxf1 Bg5 39. Qh3 Kf7 40. Qf3+ Kg8 41. Qh3 Kf7 42. Qf3+ Ke7 43. Bh5 {And now Qf7+ would win.} g6 $1 {[%cal Rg6h5]} 44. Qd3 Kf7 45. Bg4 Kg7 46. Nb5 h5 47. Bh3 Be7 48. g4 g5 49. Qc3 Bb4 50. Qe3 Qf7+ 51. Kg1 Kh6 52. gxh5 Qxh5 53. Bxe6 Qd1+ 54. Kf2 Bd2 55. Qe2 Qc2 {Strongly threatening ...Bd3.} 56. Nd6 $2 {[%mdl 8192] [#]} ({Not} 56. Bxd5 $2 Bd3 $19) (56. Na3 $11 Qxb2 57. Nb5) 56... Bd3 $1 $19 {( -> ...Be3+!)} 57. Bf5 {[#]} Be3+ {Played: Bd2-e1} 0-1

[Event "SVK Extraliga 2019-20"]
[Site "Slovakia"]
[Date "2020.01.20"]
[Round "6.4"]
[White "Stohl, Igor"]
[Black "Bernasek, Jan"]
[Result "1/2-1/2"]
[WhiteElo "2473"]
[BlackElo "2495"]
[Annotator "ChessBase"]
[PlyCount "22"]
[EventDate "2019.10.19"]
[EventType "team-tourn"]
[EventCountry "SVK"]
[SourceTitle "playchess.com"]
[Source "ChessBase"]
[SourceQuality "1"]
[WhiteTeam "Modra"]
[BlackTeam "Zilina"]
[WhiteTeamCountry "SVK"]
[BlackTeamCountry "CZE"]
[TimeControl "40/5400+30:1800+30"]

1. d4 {[%emt 0:00:04]} d5 {[%emt 0:00:00]} 2. c4 {[%emt 0:00:37]} e6 {[%emt 0:00:00]} 3. Nc3 {[%emt 0:00:34]} c5 {[%emt 0:00:26]} 4. cxd5 {[%emt 0:02:20]} cxd4 {[%emt 0:00:11]} 5. Qa4+ {[%emt 0:05:47]} Bd7 {[%emt 0:00:37]} 6. Qxd4 {[%emt 0:00:25]} exd5 {[%emt 0:00:27]} 7. Nf3 {[%emt 0:01:28]} Nc6 {[%emt 0:02:56]} 8. Qd1 {[%emt 0:02:05]} Nf6 {[%emt 0:04:20]} 9. e3 {[%emt 0:05:02]} Bb4 {[%emt 0:06:37]} 10. Bd2 {[%emt 0:04:36]} O-O {[%emt 0:01:38]} 11. Be2 {[%emt 0:02:02]} a6 {[%emt 0:02:48]} 1/2-1/2